Statistics for Bowling Quiz

Click here to take the quiz!

General Stats

  • This quiz has been taken 167 times
  • The average score is 11 of 17

Answer Stats

HintAnswer% Correct
What is a perfect score?300
97%
Knocking down all ten pins in one ballStrike
96%
How many strikes is needed for a perfect game?12
95%
Knocking down all ten pins in two ballsSpare
95%
When two pins (but not the head pin) are spread apart after the first ball.Split
89%
If you touch the gutter cap and its behind the foul line is it a foul?Yes
86%
When a right handed bowler hits the left handed pocket and strikes.Brooklyn
83%
The ideal place to throw the ball on the first shot.Pocket
81%
Not knocking down all ten pins in two balls.Open Frame
74%
One of the best bowlers in the world.Jason Belmonte
69%
Going a entire game without getting a open frameClean Game
49%
How many televised 300's have there been?28
43%
Who has the most PBA titles?Walter Ray Williams Jr.
38%
How many do they have?10
37%
How many titles does he have?47
32%
Who has the most Major titles?Earl Anthony/ Pete Weber
32%
Where did the world series of bowling have its first tournament?Thunderbowl (Allen Park Mi.)
13%

Score Distribution

Percentile by Number Answered

Percent of People with Each Score

Your Score History

You have not taken this quiz